| 000 | 01071nam a22001937a 4500 | ||
|---|---|---|---|
| 003 | JO-AjAnu | ||
| 005 | 20250315094834.0 | ||
| 008 | 250310b jo ||||| |||| 00| 0 ara d | ||
| 040 |
_aJO-AjAnu _bara _cJO-AjAnu _dJO-AjAnu _erda |
||
| 050 |
_aHF5415 _b2025 |
||
| 100 | 1 |
_aموالي، بشار محمد حسين _eمعد _966501 |
|
| 245 | 0 |
_aدور مواقع التواصل الاجتماعي في تسويق المنتجات الزراعية في وادي الأردن = The Role of Social Media in Marketing Agricultural Products in Jordan Valley / _cاعداد بشار محمد حسين موالي ؛ اشراف امجد فهد الطويقات |
|
| 260 | _c2025 | ||
| 300 | _a111 ورقة | ||
| 504 | _aرسالة جامعية ( رسالة ماجستير في ادارة الاعمال) - جامعة عجلون الوطنية، (عجلون، الاردن) - كلية الاعمال، قسم ادارة الاعمال، 2025. | ||
| 650 | 0 |
_aالتسويق الزراعي _966502 |
|
| 700 | 1 |
_aطويقات، أمجد فهد _eمشرف _966477 |
|
| 942 |
_2lcc _cTHS _n0 |
||
| 999 |
_c33891 _d33891 |
||